| Tag |
First Indicator |
Second Indicator |
Subfields |
| LEADER |
00000cam a2200000 a 4500 |
| 001 |
in00000741921 |
| 005 |
20151016085707.0 |
| 008 |
871118s1988 nyu b s00110 eng |
| 010 |
|
|
|a 87033539
|
| 020 |
|
|
|a 0887067255
|
| 020 |
|
|
|a 0887067263 (pbk.)
|
| 035 |
|
|
|a (OCoLC)17202724
|
| 035 |
|
|
|9 ADH1869AM
|
| 040 |
|
|
|a DLC
|c DLC
|d TXA
|d UtOrBLW
|
| 043 |
|
|
|a n-us---
|
| 049 |
|
|
|a TXAM
|c [A11144602]
|
| 050 |
0 |
0 |
|a LB2822.82
|b .R67 1988
|
| 082 |
0 |
|
|a 370.19
|2 19
|
| 100 |
1 |
|
|a Rossman, Gretchen B.
|
| 245 |
1 |
0 |
|a Change and effectiveness in schools :
|b a cultural perspective /
|c Gretchen B. Rossman, H. Dickson Corbett, William A. Firestone.
|
| 264 |
|
1 |
|a Albany :
|b State University of New York Press,
|c [1988]
|
| 264 |
|
4 |
|c ©1988
|
| 300 |
|
|
|a xii, 173 pages ;
|c 24 cm.
|
| 336 |
|
|
|a text
|b txt
|2 rdacontent
|
| 337 |
|
|
|a unmediated
|b n
|2 rdamedia
|
| 338 |
|
|
|a volume
|b nc
|2 rdacarrier
|
| 490 |
1 |
|
|a SUNY series, frontiers in education
|
| 504 |
|
|
|a Bibliography: pages 161-167.
|
| 500 |
|
|
|a Includes index.
|
| 650 |
|
0 |
|a School improvement programs
|z United States
|v Case studies.
|
| 650 |
|
0 |
|a High school teachers
|z United States
|x Attitudes
|x Case studies.
|
| 650 |
|
0 |
|a Social values
|x Case studies.
|
| 650 |
|
0 |
|a Educational anthropology
|z United States
|v Case studies.
|
| 700 |
1 |
|
|a Corbett, H. Dickson,
|d 1950-
|
| 700 |
1 |
|
|a Firestone, William A.
|
| 830 |
|
0 |
|a SUNY series, frontiers in education.
|
| 999 |
|
|
|a MARS
|
| 999 |
f |
f |
|s c66b4e29-5eed-3661-b64c-03eb5ec6b7f9
|i 2245bf1b-a502-33c1-a1a4-c981df83ba4a
|t 0
|
| 952 |
f |
f |
|p normal
|a Texas A&M University
|b College Station
|c Sterling C. Evans Library
|d Evans: Library Stacks
|t 0
|e LB2822.82 .R67 1988
|h Library of Congress classification
|i unmediated -- volume
|m A14811144602
|
| 998 |
f |
f |
|a LB2822.82 .R67 1988
|t 0
|l Evans: Library Stacks
|